LEADER 00508nab a2200145 i 4500 001 000000284065 003 CaOOAMICUS 005 20180831165249.0 008 180831n xx uu u0 0und r 013 $a37326 040 $aSeMil$bita 245 10$aAbramo e i suoi tre ospiti. - XII p. - Inserto redazionale. 500 $aSettembre 2001 - Allegato. 773 0 $tArte e fede. [Genesi].$dBologna : EDB, 2002.$w()238744 996 $6245$aAbramo e i suoi tre ospiti. - XII p. - Inserto redazionale$9(OLS)http://semarc/title/365428 LEADER 00519nab a2200133 i 4500 001 000000313751 003 CaOOAMICUS 005 20180831173118.0 008 180831n xx uu u0 0und r 013 $a22838 040 $aSeMil$bita 245 10$aIn margine alla propaganda protestante in italia. Sussidi per la conoscenza del Protestantesimo. 773 0 $t[Gennaio-Dicembre].$g609$w()274244 996 $6245$aIn margine alla propaganda protestante in italia. Sussidi per la conoscenza del Protestantesimo$9(OLS)http://semarc/title/387981